00602 2200241 4500001002100000005001500021035002000036007000300056008004100059082000800100084001400108100002100122245006600143250000600209260002800215300004300243650001000286650001500296650001200311020001100323990001300334990001300347INLIS00000000000105920191107091800 a0010-1018001059ta191107 g 0 ind a297 a297 ABD a1 aAbdullah, Taufik1 aAgama, Etos Kerja dan Perkembangan Ekonomi /cTaufik Abdullah a1 aBandung :bLP3ES,c1988 avii, 236 halaman :bilustrasi ;c25 cm 4aAgama 4aEtos Kerja 4aEkonomi a[n.n.] a85/02575 a90/00639